BIBLIOTECA

SENCICO

Técnicas especiales utilizables en las áreas de proyectos, producción y logística (Registro nro. 1794)

Detalles MARC
000 -LEADER
fixed length control field 00726nam a2200205Ia 4500
005 - DATE AND TIME OF LATEST TRANSACTION
control field 20251020182522.0
008 - FIXED-LENGTH DATA ELEMENTS--GENERAL INFORMATION
fixed length control field 200515s9999 xx 000 0 und d
082 ## - DEWEY DECIMAL CLASSIFICATION NUMBER
Classification number 69:658:016/G45
100 ## - MAIN ENTRY--PERSONAL NAME
Personal name GIBELLINI, Renato SATO, Sergio
245 #0 - TITLE STATEMENT
Title Técnicas especiales utilizables en las áreas de proyectos, producción y logística
260 ## - PUBLICATION, DISTRIBUTION, ETC.
Place of publication, distribution, etc. Lima
260 ## - PUBLICATION, DISTRIBUTION, ETC.
Date of publication, distribution, etc. 1995
500 ## - GENERAL NOTE
General note 1 ejemplar
520 ## - SUMMARY, ETC.
Summary, etc. No pretende explicar conceptos teóricos sobre proyectos, producción o logística, para lo cual existe una vasta bibliografía, sino proporciona rápido acceso a un conjunto de técnicas en la especialidad
650 ## - SUBJECT ADDED ENTRY--TOPICAL TERM
Topical term or geographic name entry element LIB
650 ## - SUBJECT ADDED ENTRY--TOPICAL TERM
Topical term or geographic name entry element LOGISTICA
650 ## - SUBJECT ADDED ENTRY--TOPICAL TERM
Topical term or geographic name entry element PRODUCCION
650 ## - SUBJECT ADDED ENTRY--TOPICAL TERM
Topical term or geographic name entry element PROYECTOS
942 ## - ADDED ENTRY ELEMENTS (KOHA)
Koha item type Libros
Existencias
Fecha de la última vez que lo usaron Pago total Signatura topográfica completa Código de barras Precio efectivo desde Tipo de documento Estado perdido Estado dañado No es para préstamo Retirado Ubicación permanente Ubicación actual Fecha de adquisición
15/05/2020   69:658:016/G45 Bib-Lima15051794 15/05/2020 Libros         Biblioteca Central Lima Biblioteca Central Lima 15/05/2020